000 01483 a2200265 4500
001 152
005 20260407155414.0
008 260407a2008 arg spa d
003 AR-UNSa-BCEJYS
040 _aAR-UNSa-BCEJYS
_bspa
_cAR-UNSa-BCEJYS
080 _a510
_xConsideraciones fundamentales y generales de las matemáticas
245 1 0 _aMatematicas para administración y economía
020 _a978-970-26-1147-9
250 _a12a. ed
264 1 _aMéxico :
_bPearson Educación
_c2008
300 _axxi, 841 p.
_c27 cm
505 _a0. Repaso de álgebra - 1. Aplicaciones y más álgebra - 2. Funciones y gráficas - 3. Rectas, parábolas y sistemas de ecuaciones - 4. Funciones exponenciales y logarítmicas - 5. Matemáticas financieras - 6. Algebra matricial - 7. Programación lineal - 8. Introducción a la probabilidad y la estadística - 9. Temas adicionales en probabilidad - 10. Límites y continuidad - 11. Diferenciación - 12. Temas adicionales de diferenciación - 13. Trazado de curvas - 14. Integración - 15. Métodos y aplicaciones de la integración - 16. Variables aleatorias continuas - 17. Cálculo de varias variables
041 _aspa
942 _cBK
590 _aniveau_biblio:m niveau_hierar:0
100 1 _aHaeussler, Ernest F.
700 1 _aPaul, Richard S.
700 1 _aWood, Richard J
856 4 1 _uhttps://biblioeco.unsa.edu.ar/pmb/images/libros/Matem?ticas para Administraci?n y Econom?a-l117695.jpg
_yImagen de portada
_qimage/jpeg
999 _c121
_d121